Helena - Gentil garçon [paroles] - Statistiques

Statistiques générales
  • Ce quiz a été pris 23 fois
  • Le résultat moyen est 89 sur 119
Statistiques - réponses
Réponse % Correct
à
100%
a
100%
et
100%
je
100%
la
100%
le
100%
les
100%
si
100%
te
100%
c’est
94%
comme
94%
de
94%
des
94%
fort
94%
garçon
94%
gentil
94%
grave
94%
gros
94%
me
94%
moi
94%
on
94%
pas
94%
peut
94%
t’es
94%
tu
94%
bagarre
88%
bras
88%
bricole
88%
ça
88%
cuisines
88%
inverser
88%
même
88%
mignon
88%
ou
88%
quand
88%
(quand
88%
que
88%
qui
88%
rôles
88%
t’as
88%
t’en
88%
toi
88%
un
88%
une
88%
beau
82%
du
82%
l’air
82%
l’air)
82%
mes
82%
père
82%
préfère
82%
ton
82%
tout
82%
as
76%
dans
76%
(dans
76%
devient
76%
différent
76%
difficile
76%
doux
76%
enfants
76%
fais
76%
film
76%
fin
76%
gardes
76%
j’aime
76%
jour
76%
juste
76%
j’veux
76%
l’argent
76%
mimi
76%
OK
76%
peur
76%
rigoler
76%
sexy
76%
besoin
71%
douceur
71%
douceur)
71%
épaule
71%
looser
71%
mieux
71%
pâtes
71%
perd
71%
perdre
71%
pleures
71%
pour
71%
ramènerai
71%
sensible
71%
soldat
71%
timide
71%
vie
71%
bobards
65%
d’inventer
65%
j’suis
65%
t’avachis
65%
conduis
59%
égoutteras
59%
boire
53%
irai
53%
verre
53%
gagne
47%
nouveaux
47%
nouvel
47%
derrière
41%
nouvelle
41%
ouvre
41%
peux
41%
porte
41%
ère
35%
frères
35%
maison
35%
rester
35%
saison
35%
debrief
29%
homme
29%
m’feras
29%
mmh
24%
codes
18%
Aucun quiz correspondant
Distribution des résultats
% des personnes avec chaque résultat
Percentile par nombre de réponses
Votre historique - résultats
Vous n’avez pas pris ce quiz